Entry Personal Name
Number of records used in: 1
001 - CONTROL NUMBER
003 - CONTROL NUMBER IDENTIFIER
005 - DATE AND TIME OF LATEST TRANSACTION
- control field:
20231123133042.0
008 - FIXED-LENGTH DATA ELEMENTS
- fixed length control field:
051114n| acannaabn |n aaa
010 ## - LIBRARY OF CONGRESS CONTROL NUMBER
- LC control number:
n 2005080877
040 ## - CATALOGING SOURCE
- Original cataloging agency:
DLC
- Language of cataloging:
eng
- Transcribing agency:
DLC
100 1# - HEADING--PERSONAL NAME
- Personal name:
Metiu, Horia,
- Dates associated with a name:
1940-
670 ## - SOURCE DATA FOUND
- Source citation:
Metiu, Horia. Physical chemistry, 2006:
- Information found:
CIP t.p. (Horia Metiu, University of California, Santa Barbara, USA) data sheet (b. Mar. 7, 1940)